Nghệ thuật viết truyện ngắn và ký

Các vấn đề lí luận của nghệ thuật viết truyện ngắn và kí (ý tưởng, chất thơ, xây dựng nhân vật...) qua các bài nghiên cứu của các nhà văn trong và ngoài nước

Đã lưu trong:
书目详细资料
其他作者: Vương Trí Nhàn (Tác giả)
格式: 图书
语言:Vietnamese
出版: Hà Nội NXB Thanh niên 2000
主题:
标签: 添加标签
没有标签, 成为第一个标记此记录!
Thư viện lưu trữ: Mạng thư viện Đại học Đà Nẵng
LEADER 01372nam a2200349 4500
001 000004165
003 295
005 20121211001258.0
008 110715s2000 viesd
020 |c 25000đ 
041 0 |a vie 
082 |a 895.92208  |b NGH 
245 0 |a Nghệ thuật viết truyện ngắn và ký  |c Nguyên Ngọc, Vương Trí Nhàn, Nguyễn Kiên,... ; Tạ Duy Anh ch.b 
260 |a Hà Nội  |b NXB Thanh niên  |c 2000 
300 |a 279tr  |c 19cm 
520 |a Các vấn đề lí luận của nghệ thuật viết truyện ngắn và kí (ý tưởng, chất thơ, xây dựng nhân vật...) qua các bài nghiên cứu của các nhà văn trong và ngoài nước 
653 |a Kí 
653 |a Truyện ngắn 
653 |a Thể loại văn học 
653 |a Vương Trí Nhàn 
700 |a Vương Trí Nhàn  |e Tác giả 
910 |a Huỳnh Thị Cẩm Lai  |d 15/07/20011 
OWN |a LSP 
AVA |a UDN50  |b LSP  |d 895.92208 NGH  |e available  |t Error 5001 Not defined in file expand_doc_bib_avail.  |f 6  |g 0  |h N  |i 0  |k 1 
999 |a From the UDN01 
AVA |a UDN50  |b LSP  |d 895.92208 NGH  |e available  |t Error 5001 Not defined in file expand_doc_bib_avail.  |f 6  |g 0  |h N  |i 0  |k 1 
TYP |a Monograph 
TYP |a Printed language 
980 |a Mạng thư viện Đại học Đà Nẵng